Closest U.S. Capital City Pairs Quiz #2 - Statistics

General Stats
  • This quiz has been taken 26 times
  • The average score is 17 of 25
Answer Stats
km Capital Nearest Other mi % Correct
66 Boston Providence 41
96%
3963 Honolulu Sacramento 2463
83%
273 Pierre Bismarck 170
78%
106 Hartford Providence 66
78%
163 Carson City Sacramento 101
78%
148 Harrisburg Annapolis 92
74%
86 Annapolis Dover 53
74%
283 Nashville Frankfort 176
74%
288 Atlanta Montgomery 179
74%
466 Boise Helena 290
70%
288 Tallahassee Montgomery 179
70%
233 Salem Olympia 145
70%
362 Madison St. Paul 225
70%
244 Jackson Baton Rouge 139
65%
215 Topeka Lincoln 133
65%
223 Raleigh Richmond 139
65%
157 Denver Cheyenne 97
61%
207 Frankfort Indianapolis 129
61%
272 Des Moines Lincoln 169
61%
144 Montpelier Concord 89
57%
615 Phoenix Santa Fe 328
57%
215 Columbus Charleston 133
52%
256 Jefferson City Springfield 159
52%
242 Augusta Concord 150
48%
335 Little Rock Jackson 208
39%
No matching quizzes found
Score Distribution
Percent of People with Each Score
Percentile by Number Answered
Your Score History
You have not taken this quiz